00607 2200217 4500001002100000005001500021035002000036007000300056008004100059020001800100082000800118084001500126100001800141245009100159260004600250300003200296650002100328700001800349990001100367990001100378INLIS00000000000210920180724095111 a0010-0718000061ta180724 g 0 ind  a9786020321370 a745 a745 IVA t0 aIVA, Hardiana1 aTerampil Membuat 50 Kreasi Unik dari Tisu Gulung /cIva Hardiana; editor, Petra Aquina aJakarta :bGramedia Pustaka Utama,c[s.a] a105 hlm. :bilus. ;c23 cm. aKERAJINAN TANGAN0 aPETRA, Aquina a16751a a16751b